| 000 | 00672nam a2200157 i 4500 | ||
|---|---|---|---|
| 001 | 146254 | ||
| 003 | ES-MaACL | ||
| 005 | 20230906201452.0 | ||
| 007 | t| | ||
| 008 | 070905q19201929sp ||||1| spa d | ||
| 245 | 0 | 3 |
_aEl tratado de paz de Trianón desde el punto de vista de la Paz y de la seguridad internacional así como la cooperación entre naciones _b: mensaje de los juristas de Hungría: jueces, profesores de derecho, miembros del Colegio de Abogados, dirigido a los juristas de las naciones civilizadas. |
| 260 |
_a[Madrid : _bLópez], _c[192-?] |
||
| 300 |
_a68 p. ; _c23 cm. |
||
| 630 | 0 | 4 |
_aTratado de Trianon (1920) _9148676 |
| 852 |
_aES-MaACL _j1635-F-17 |
||
| 999 |
_c146254 _d146254 |
||